Logo CIB grande

FISHES OF THE GULF OF MEXICO (Registro nro. 233780)

Detalles MARC
000 -LEADER
campo de control de longitud fija 00526nam a2200217Ia 4500
005 - FECHA Y HORA DE LA ÚLTIMA TRANSACCIÓN
campo de control 20250425162646.0
008 - DATOS DE LONGITUD FIJA--INFORMACIÓN GENERAL
campo de control de longitud fija 250425s9999 xx 000 0 und d
020 ## - NÚMERO INTERNACIONAL ESTÁNDAR DEL LIBRO
Número Internacional Estándar del Libro 0890960275
041 ## - CÓDIGO DE IDIOMA
Código de lengua del texto/banda sonora o título independiente eng
082 ## - NÚMERO DE LA CLASIFICACIÓN DECIMAL DEWEY
Número de clasificación 597.0921
010 ## - NÚMERO DE CONTROL DE LA BIBLIOTECA DEL CONGRESO
Número de control de LC 94862
100 ## - ENTRADA PRINCIPAL--NOMBRE DE PERSONA
Nombre de persona HOESE, DICKSON
245 #0 - MENCIÓN DEL TÍTULO
Título FISHES OF THE GULF OF MEXICO
250 ## - MENCION DE EDICION
Mención de edición S.E
260 ## - PUBLICACIÓN, DISTRIBUCIÓN, ETC.
Lugar de publicación, distribución, etc. Estados Unidos
Nombre del editor, distribuidor, etc. TEXAS A & M UNIVERSITY PRESS
Fecha de publicación, distribución, etc. 1977
260 ## - PUBLICACIÓN, DISTRIBUCIÓN, ETC.
Lugar de publicación, distribución, etc. TEXAS CITY
300 ## - DESCRIPCIÓN FÍSICA
Extensión 327
650 ## - PUNTO DE ACCESO ADICIONAL DE MATERIA--TÉRMINO DE MATERIA
Término de materia o nombre geográfico como elemento de entrada PECES MARINOS
700 ## - ENTRADA AGREGADA--NOMBRE PERSONAL
Nombre de persona MOORE, RICHARD H.
942 ## - ELEMENTOS DE ENTRADA SECUNDARIOS (KOHA)
Tipo de ítem Koha Libros
Existencias
Estatus retirado Estado de pérdida Estado de daño No para préstamo Biblioteca de origen Biblioteca actual Fecha de adquisición Coste, precio normal de compra Total de préstamos Código de barras Copia número
        CENTRO NACIONAL DE INVESTIGACIONES MARINAS CENTRO NACIONAL DE INVESTIGACIONES MARINAS 11/09/2015 20.00   D-81115 1

Copyright 2025 ESPOL. Todos los derechos reservados.